Pays ayant une capitale en A-M - Mort subite - Statistiques

Statistiques générales
  • Ce quiz a été pris 263 fois
  • Le résultat moyen est 8 sur 13
Answers on the Grid
Answers color-coded by a green-red scale on the quiz's grid according to % correct below.
Japon
Australie
Canada
Allemagne
Argentine
Inde
Danemark
Finlande
Italie
Norvège
Pérou
Pologne
Portugal
Espagne
Djibouti
Fidji
Micronésie
Jamaïque
Irlande
Malte
Mongolie
Uruguay
 
Statistiques - réponses
Réponse % Correct
Espagne
73%
Allemagne
68%
Argentine
67%
Danemark
66%
Irlande
65%
Portugal
64%
Australie
60%
Finlande
59%
Pérou
57%
Malte
54%
Jamaïque
49%
Djibouti
46%
Uruguay
46%
Aucun quiz correspondant
Distribution des résultats
% des personnes avec chaque résultat
Percentile par nombre de réponses
Votre historique - résultats
Vous n’avez pas pris ce quiz